| 000 | 01639nam0a22002651 4500 | ||
|---|---|---|---|
| 001 | rc\4673886 | ||
| 005 | 20260407212702.0 | ||
| 021 |
_aRU _b[68-24147] |
||
| 035 | _a(NLR Aleph) 008703920 | ||
| 090 |
_a9316041 _c9316041 |
||
| 100 | _a20130416d1967 |||y0rusy50 ca | ||
| 101 | 0 | _arus | |
| 102 | _aRU | ||
| 105 | _ay z ||||| | ||
| 200 | 1 |
_aПовышение эффективности использования водохранилищ Днепровского каскада _eРекомендации Респ. совещания. [22-24 сент. 1967 г. Черкассы] _fМ-во мелиорации и водного хоз-ва УССР. Ин-т гидробиологии АН УССР. Гос. план. ком. УССР. Укр. науч.-исслед. ин-т науч.-техн. информации и техн.-экон. исследований. Укр. респ. совет науч.-техн. о-в |
|
| 210 |
_aКиев _cБ. и. _d1967 |
||
| 215 |
_a8 с. _d21 |
||
| 606 |
_aВодохранилища _xИспользование _xЭкономическая эффективность _2psbo |
||
| 712 | 0 | 1 |
_aУССР _bМинистерство мелиорации и водного хозяйства _9778740 _3RU\NLR\AUTH\8810141995 |
| 712 | 1 | 2 |
_aУкраинское респ. совещание по повышению эффективности использования водохранилищ Днепровского каскада _eЧеркассы _f1967 _9666827 _3RU\NLR\AUTH\8810082323 |
| 801 | 0 |
_aRU _bNLR _gpsbo |
|
| 801 | 1 |
_aRU _bELAR _2rusmarc |
|
| 852 |
_aNLR _j68-6/4773 |
||
| 942 | _cBOOK | ||
| 980 | _aNB | ||